| 000 | 00489nam a2200193Ia 4500 | ||
|---|---|---|---|
| 005 | 20250423094531.0 | ||
| 008 | 250422s9999 xx 000 0 und d | ||
| 020 | _a0801669871 | ||
| 050 | _aQR 67 .B37/ | ||
| 100 | _aBaron, Ellen Jo | ||
| 245 | 0 | _aBailey and Scott’s diagnostic microbiology | |
| 250 | _a9th ed. | ||
| 260 | _aSt Louis | ||
| 260 | _bMosby | ||
| 260 | _c1994 | ||
| 300 | _a958 p | ||
| 650 | _aDiagnostic microbiology. Microbiological Techniques. | ||
| 942 | _cBK | ||
| 999 |
_c27520 _d27520 |
||